00713 a2200205 4500010001400000020002300014035001300037037001800050082000800068090001500076100002200091245004600113260004900159270008500208300002500293500001900318942002300337999001500360952013200375 aENG-85884 a8131300722c595.00 aEN-69417 bD.B.Act / Pub14a331 c3614d361414aVenkataramana, P.1 aIndustrial relationscby P. Venkataramana aNew DelhibAPH Publishing Corporatioonc2007 a5, Ansari Road, Darya GanjbNew Delhie110 002k011- 23274050maphbooks@vsnl.net a239 p.b21 cm ( Hb.) aincludes index adplcENk331 / VEN c3543d3543 00102ddc40718NFICaDBADbDBADeDBAD/PUBg595.00l0o331 VENpEN-69417r2008-09-15 00:00:00t1u3774v595.00w2008-09-15yEN